| 000 | 00942pam a2200337 a 4500 | ||
|---|---|---|---|
| 999 |
_c955 _d955 |
||
| 001 | 006954954 | ||
| 003 | Uk | ||
| 005 | 20200107105338.0 | ||
| 008 | 040123r20042003enk j| 000 1|eng | ||
| 015 |
_aGBA4Z2362 _2bnb |
||
| 016 | 7 |
_a006954954 _2Uk |
|
| 020 | _a0582848903 (pbk) : | ||
| 039 | 0 | _a2778 | |
| 040 |
_aStDuBDS _beng _cStDuBDS _dUk |
||
| 042 | _aukblsr | ||
| 082 | _aFIC FOR | ||
| 100 | 1 |
_aForde, Catherine, _d1961- _eauthor |
|
| 245 | 1 | 0 |
_aFat boy swim / _cCatherine Forde. |
| 260 |
_aHarlow : _bLongman, _c2004. |
||
| 300 |
_a203 p. ; _c21 cm. |
||
| 336 |
_atext _2rdacontent |
||
| 337 |
_aunmediated _2rdamedia |
||
| 338 |
_avolume _2rdacarrier |
||
| 500 | _aOriginally published: 2003. | ||
| 500 |
_aFormerly CIP. _5Uk |
||
| 650 | 0 |
_aOverweight children _vJuvenile fiction. |
|
| 650 | 0 |
_aSwimming _vJuvenile fiction. |
|
| 651 | 0 |
_aScotland _vJuvenile fiction. |
|
| 655 | 0 | 7 |
_aChildren's stories. _2lcsh |
| 942 |
_2ddc _cFIC |
||